|
|
|
|
| LEADER |
00000cas a2200000 a 4500 |
| 001 |
vtls001078292 |
| 003 |
SK-MaSNL |
| 005 |
20260425194034.0 |
| 008 |
161006d19921995xo r 0 0b0slo c |
| 015 |
|
|
|a SNBA1995/04
|
| 020 |
|
|
|a 8070980451
|
| 035 |
|
|
|a SNK000021127
|
| 040 |
|
|
|a SNK
|b slo
|c SNK
|e AACR2
|
| 041 |
0 |
|
|a slo
|
| 043 |
|
|
|a e-xo---
|
| 044 |
|
|
|a xo
|c SK
|
| 072 |
|
7 |
|a 373.5/.6
|x Stredné školy
|2 konspekt
|
| 080 |
|
|
|a 373.5
|2 2011
|
| 080 |
|
|
|a (036)
|2 2001
|
| 080 |
|
|
|a (437.6)
|2 2011
|
| 245 |
0 |
0 |
|a Gymnáziá a stredné odborné školy v SR v školskom roku ...
|
| 260 |
|
|
|a Bratislava
|b Ústav informácií a prognóz školstva, mládeže a telovýchovy
|c [1992-1995]
|e Bratislava
|f Ústav informácií a prognóz školstva, mládeže a telovýchovy
|
| 300 |
|
|
|a zv.
|b tab.
|c 20 cm
|
| 310 |
|
|
|a 1x ročne
|
| 362 |
0 |
|
|a [1992-1995]
|
| 500 |
|
|
|a Sprac. Jana Bařinová ; Obál. Elena Havlíková
|
| 500 |
|
|
|a Súčasťou názvu je rok
|
| 650 |
0 |
7 |
|a gymnáziá
|2 SNKPH
|9 16386
|
| 650 |
0 |
7 |
|a stredné odborné školy
|2 SNKPH
|9 67892
|
| 651 |
|
7 |
|a Slovensko
|2 SNKPHgeo
|9 14231
|
| 655 |
|
7 |
|a informačné publikácie
|2 SNKH
|9 70181
|
| 700 |
1 |
|
|a Bařinová, Jana
|4 apd
|9 42757
|
| 910 |
|
|
|a snk
|
| 919 |
|
|
|a 80-7098-045-1
|
| 958 |
|
|
|a APR
|
| 958 |
|
|
|a RM
|
| 999 |
|
|
|c 2365
|d 4295
|
| 952 |
|
|
|a SNK
|b SNK
|y PREZ
|7 0
|p 17A0218317
|o snkČSD 1948/1994-1995 D1
|0 0
|1 0
|4 0
|d 1999-11-16
|l 0
|r 2004-12-31 00:00:00
|w 2026-02-21
|
| 952 |
|
|
|a SNK
|b SNK
|y PREZ
|7 0
|p 17A0542300
|o snkČSD 1948/1994-1995
|i snkKSP 3215/95
|3 rekatalogizácia
|0 0
|1 0
|4 0
|d 2007-03-20
|l 0
|r 2026-02-21 20:27:44
|w 2026-02-21
|
| 952 |
|
|
|a SNK
|b SNK
|y NEVYP
|7 0
|o snkC 3161
|i snk4144/961125
|0 0
|1 0
|4 0
|d 1996-11-21
|l 0
|r 2005-01-01 00:00:00
|w 2026-02-21
|
| 952 |
|
|
|a SNK
|b SNK
|y PREZ
|7 0
|p 17A0057869
|o snkČSD 1948/1995-1996
|i snkKSP 10113/96
|0 0
|1 0
|4 0
|d 1996-11-21
|l 0
|r 2005-01-01 00:00:00
|w 2026-02-21
|
| 952 |
|
|
|a SNK
|b SNK
|y PREZ
|7 0
|p 17A0022258
|o snkČSD 1948/1995-1996 D1
|i snkKSP 10114/96
|0 0
|1 0
|4 0
|d 1996-11-21
|l 0
|r 2005-01-01 00:00:00
|w 2026-02-21
|